Cities that Start with C by Clue - Statistics

General Stats
  • This quiz has been taken 67 times
  • The average score is 15 of 20
Answer Stats
Clue City % Correct
Capital on the Nile known for ancient pyramids just outside the city Cairo
100%
Australian capital designed with wide boulevards and lakes Canberra
98%
Capital of Wales Cardiff
98%
U.S. city known for deep-dish pizza and Lake Michigan skyline Chicago
97%
Mexican resort city known for its hotel strip and turquoise water Cancún
92%
African city home to colorful houses, Table mountain, and Robben Island Cape Town
90%
Home to Hassan II Mosque and namesake of a 1942 film Casablanca
90%
Famous for its Little Mermaid statue, Nyhavn, and Tivoli Park Copenhagen
90%
South American capital and birthplace of Simón Bolívar Caracas
87%
City on Lake Erie home to the Rock and Roll Hall of Fame Cleveland
78%
Ohio River city known for chili and a historic riverfront Cincinnati
70%
Home to a magnificent gothic cathedral that was once to world's tallest building Cologne
65%
Bangladeshi port also known as Chattogram Chittagong
63%
Boston suburb home to Harvard and MIT Cambridge
60%
Known for its pandas and spicy cuisine Chengdu
60%
Southern port city known for cobblestone streets and Fort Sumter Charleston
57%
Midwestern capital known for a huge university and a growing tech scene Columbus
57%
Capital of China during WWII, known for its many bridges across the Yangtze River Chongqing
53%
NASCAR hub known as the "Wall Street of the South" Charlotte
50%
Andalusian city famous for its mosque-cathedral Córdoba
50%
No matching quizzes found
Score Distribution
Percent of People with Each Score
Percentile by Number Answered
Your Score History
You have not taken this quiz